| 000 | 00712nam a22001577a 4500 | ||
|---|---|---|---|
| 003 | OSt | ||
| 005 | 20151211162951.0 | ||
| 008 | 151211b xxu||||| |||| 00| 0 eng d | ||
| 040 | _cRUA | ||
| 082 | _aATM PRA 2004 B201 Or.1 | ||
| 100 |
_94737 _aPRACH, SOKUNTHY. |
||
| 245 | _acommunity fishery management and development in chroy chek resevoir kampongsiem district,kompong cham province, ការគ្រប់គ្រង និងអភិវឌ្ឈន៍សហគមន៍នេសាទនៅអាងទឹកជ្រោយចេក ស្រុកកំពង់សៀម ខេត្តកំពង់ចាម | ||
| 260 |
_aPhnom Penh _bRUA _c2004 |
||
| 300 |
_aix,47p. _bill. _c29cm. |
||
| 942 |
_2ddc _cATM |
||
| 999 |
_c4415 _d4415 |
||